|
|
|
|
| LEADER |
01341ppm a22003018a 4500 |
| 001 |
00030045 |
| 005 |
20171026081025.0 |
| 008 |
121211s2007 ||||||viesd |
| 041 |
0 |
# |
|a vie
|
| 082 |
1 |
4 |
|b L302S
|a 915.978 9
|
| 100 |
1 |
# |
|a Dương, Thị Ngọc Minh
|
| 245 |
0 |
0 |
|a Lịch sử- văn hóa Đồng Tháp trong mối quan hệ với Đồng bằng sông Cửu Long và khu vục
|c Dương Thị Ngọc Minh; Đinh Ngọc Bảo (hướng dẫn)
|b Luận văn thạc sĩ Khoa học lịch sử. Chuyên ngành:Lịch sử thế giới . Mã số: 60.22.50
|
| 260 |
# |
# |
|a Hà Nội
|b Đại học sư phạm Hà Nội
|c 2007
|
| 300 |
# |
# |
|a 118 tr.+ phụ lục.
|c 30 cm.
|b ảnh màu
|e 1 bản tóm tắt
|
| 500 |
# |
# |
|a ĐTTS ghi: Bộ Giáo dục và Đào tạo. Trường Đại học sư phạm Hà Nội
|
| 653 |
# |
# |
|a Luận văn
|
| 653 |
# |
# |
|a Lịch sử
|
| 653 |
# |
# |
|a Đồng bằng sông Cửu Long
|
| 653 |
# |
# |
|a Tỉnh Đồng Tháp
|
| 653 |
# |
# |
|a Mối quan hệ
|
| 700 |
1 |
# |
|a Đinh, Ngọc Bảo
|e Hướng dẫn
|
| 852 |
# |
# |
|j LV.0000240
|
| 852 |
# |
# |
|b Kho đọc SĐH
|j LV.0000240
|
| 910 |
|
|
|d 11/12/2012
|
| 980 |
# |
# |
|a Trung tâm Học liệu Lê Vũ Hùng, Trường Đại học Đồng Tháp
|